Datum a čas kvízu

26.5 Celkem bodů Celkový počet nahraných bodů na tomto kvízu bez doplňovacích otázek.
6. Pořadí na kvízu Konečné umístění týmu na tomto kvízu.

Zaznamenané odpovědi

# Otázka Odpověď Body Výsledky
1. Ministerstvo obrany minulý týd... Leopard 0
2. Dílo italského umělce Maurizia... banán 1
3. 70letá herečka Pamela Hayden,... Milhouse (Van Houten) 0
4. Minulý týden jsme se dozvěděli... D) aby zemřel 1
5. Minulý týden se v Las Vegas de... Max Verstappen 1
6. Začneme ve Sluneční soustavě.... Uran 0
7. Níže jsou tři měsíce Jupiteru... D 0
8. Třetí otázka se bude týkat sou... Kasiopeja 0
9. Nyní se podíváme na velmi vzdá... B) Krabí 1
10. V poslední otázce se podíváme... D) pulsar 1